| 000 | 00583nam a2200205 a 4500 | ||
|---|---|---|---|
| 005 | 20220914063907.0 | ||
| 008 | 080410s1979 mx r 000 0 spa d | ||
| 020 | _a9684690029 | ||
| 035 | _aUPN01000155365 | ||
| 049 | _aCG | ||
| 050 | 4 |
_aPT2621 A2 _bM4g 1979 |
|
| 100 | 1 |
_aKafka, Franz, _d1883-1924 _928567 |
|
| 245 | 1 | 3 |
_aLa metamorfosis y otros cuentos / _cFranz Kafka ; tr. Beatriz de Martínez. |
| 250 | _a2a ed. | ||
| 260 |
_aMéxico : _bNuevomar, _c1979. |
||
| 300 | _a93 p. | ||
| 440 | 0 |
_aTinta universal ; _v6 |
|
| 650 | 7 |
_aNovela checoslovaca _2 _99286 |
|
| 905 | _aLibro | ||
| 999 |
_c127480 _d127480 |
||